| 000 | 00839nam a2200277Ia 4500 | ||
|---|---|---|---|
| 003 | OSt | ||
| 005 | 20220912151454.0 | ||
| 006 | a|||||r|||| 00| 0 | ||
| 007 | ta | ||
| 008 | 220909b |||||||| |||| 00| 0 eng d | ||
| 024 | _a50730 | ||
| 037 | _cTextual | ||
| 040 |
_aCSL _beng _cCSL |
||
| 041 | _aeng | ||
| 082 | _aI,13:4:2:(K86)p1,N63, K5-;1 | ||
| 100 | _aBaker K F Ed. | ||
| 111 | _aInternational conference on ecology of soil borne plant pathogens (1963 : California) | ||
| 245 | 0 | _aProceeding on ecology of soil-borne plant pathogens | |
| 260 |
_aLondon _bJohn Murray _c1965 |
||
| 300 |
_a571p. _ccm. |
||
| 650 | _a Plant roots | ||
| 650 | _aBotany | ||
| 700 | _a Snyder W C Ed. | ||
| 942 |
_hI,13:4:2:(K86)p1,N63, K5-;1 _cTEXL _2CC |
||
| 999 |
_c69290 _d69290 |
||